| 000 | 00438nam a22001697a 4500 | ||
|---|---|---|---|
| 003 | OSt | ||
| 005 | 20260422061725.0 | ||
| 008 | 260422b |||||||| |||| 00| 0 eng d | ||
| 020 | _a 0-7537-0757-8 | ||
| 040 |
_aDWCL Main Lib _cOC |
||
| 082 | _aCirc 428 W891 2003 | ||
| 245 | _aWord power | ||
| 260 |
_aLondon _bChancellor Press _cc2003 |
||
| 300 |
_a561 pages _c21 cm. |
||
| 650 | _a1. Vocabularies | ||
| 942 |
_2ddc _cBK-CIRC _hCirc. _n0 |
||
| 999 |
_c9696 _d9696 |
||